| 000 | 00650nam a22002417a 4500 | ||
|---|---|---|---|
| 003 | 0 | ||
| 005 | 20180727125240.0 | ||
| 008 | 0 | ||
| 010 | _aB-213498 | ||
| 020 |
_c195.00 _a817541183 |
||
| 035 | _aB-213498, B-213507, B-213517 | ||
| 037 | _bCen Lib/Ret | ||
| 040 |
_aDPL _bEN _c0 |
||
| 082 |
_aN _bPAN |
||
| 100 |
_aPandey, Romesh _988960 |
||
| 245 |
_aThe Runaways : _cby Romesh Pandey _ba novel / |
||
| 260 |
_bShipra Publications _c2004 _aDelhi |
||
| 270 |
_bDelhi _a115-A, vikas marg, shakarpur _e110092 |
||
| 300 |
_a163p. _c21cm(Hb) |
||
| 650 |
_aEnglish literature _988961 |
||
| 650 |
_aFiction _98901 |
||
| 942 |
_2ddc _cEN _hN _mPAN |
||
| 999 |
_c130152 _d130152 |
||